| 000 | 00411pab a2200145 454500 | ||
|---|---|---|---|
| 008 | 180718b2004 xxu||||| |||| 00| 0 eng d | ||
| 100 | _aDonaldson, Stephen et al. | ||
| 245 | _aThe preliminary evaluation of a new approach to arrest referral in Birmingham (UK) | ||
| 260 | _c2004 | ||
| 300 | _ap.287-301. | ||
| 650 | _aPolice - Great Britain | ||
| 650 | _aPolice | ||
| 773 | _aPolice Journal | ||
| 909 | _a64279 | ||
| 999 |
_c64279 _d64279 |
||